Introduction to the sociology of development (Record no. 47558)

MARC details
000 -LEADER
fixed length control field 00415nam a2200169Ia 4500
008 - FIXED-LENGTH DATA ELEMENTS--GENERAL INFORMATION
fixed length control field 230917s9999||||xx |||||||||||||| ||und||
020 ## - ISBN
Price POU15
040 ## - CATALOGING SOURCE
-- 19966
Original cataloging agency VIVEKANANDA LIBRARY
041 ## - Language
-- English
082 ## - DDC NUMBER
Classification number 301.51 W391I
100 ## - MAIN ENTRY--PERSONAL NAME
Personal name Webster, Andrew
245 #0 - TITLE STATEMENT
Title Introduction to the sociology of development
250 ## - EDITION STATEMENT
Edition statement 1st ed.
260 ## - PUBLICATION, DISTRIBUTION, ETC. (IMPRINT)
Place of publication, distribution, etc London
Name of publisher, distributor, etc Macmillan
Date of publication, distribution, etc 1984
300 ## - PHYSICAL DESCRIPTION
Pages xiii,221 p.
942 ## - ADDED ENTRY ELEMENTS (KOHA)
Koha item type Books
Holdings
Withdrawn status Lost status Damaged status Not for loan Location (home branch) Sublocation or collection (holding branch) Date acquired Koha issues (times borrowed) Koha full call number Accession No. Koha date last seen Koha item type
        VIVEKANANDA LIBRARY VIVEKANANDA LIBRARY 08/08/2002   301.51 W391I 114701 17/09/2023 Books
© Designed and Maintained by Vivekananda Library, MDU Rohtak